Biblioteca

Exégesis Bíblica (Registro nro. 44537)

Detalles MARC
000 -LÍDER
Campo fijo de descripción fija 01873nam a22003737a 4500
001 - NÚMERO DE CONTROL
Campo de control 18044
003 - IDENTIFICADOR DEL NÚMERO DE CONTROL
Campo de control CO-MdFUSB
005 - FECHA Y HORA DE LA ULTIMA TRANSACCIÓN
control field 20210605104557.0
008 - ELEMENTOS DE LONGITUD FIJA -- INFORMACIÓN GENERAL
Campo fijo de descripción fija -- Información general 170516t1979 s ||||| |||| 00| 0 s d
020 ## - NÚMERO INTERNACIONAL NORMALIZADO PARA LIBROS
Número Internacional Normalizado del libro 84-285-0768-6
040 ## - FUENTE DE CATALOGACIÓN
Agencia de catalogación original CO-MdFUSB
Idioma de catalogación spa
Agencia que realiza la transcripción CO-MdFUSB
Agencia que realiza la modificación CO-MdFUSBC
Convenciones de la descripción rda
041 ## - CÓDIGO DE IDIOMA
Código de idioma para texto/pista de sonido o título separado spa
082 04 - NÚMERO DE CLASIFICACIÓN DECIMAL DEWEY
Número de clasificación G 220.6 E9628e
245 10 - TÍTULO
Título del Material Exégesis Bíblica
Parte restante del título - Subtitulo : textos, métodos, interpretaciones
Mención de responsabilidad, etc. / Peter Fiedler ... [et. al.] ; traducido por José Luis Albizu
260 ## - PUBLICACIÓN, DISTRIBUCIÓN, ETC. (PIE DE IMPRENTA)
Lugar de publicación, distribución, etc.
264 #4 - PRODUCCIÓN, PUBLICACIÓN, DISTRIBUCIÓN, MANUFACTURA, Y COPYRIGHT
Lugar de producción, publicación, distribución, manufactura Madrid, España :
Nombre del productor, publicador, distribuidor Talleres de Josmar,
Fecha de producción, publicación, distribución, manufactura, o copyright ©1979
300 ## - DESCRIPCIÓN FÍSICA
Extensión 199 p.
Dimensiones ;
336 ## - TIPO DE CONTENIDO
Fuente rdacontent
337 ## - TIPO DE MEDIO
Fuente rdamedia
338 ## - TIPO DE SOPORTE
Fuente rdacarrier
500 ## - NOTA GENERAL
Nota General Título Original: Werkstatt-Bibelauslegung. Bilder-Interpretationen-texte
501 ## - NOTA DE “CON”
Nota de Contenido Rústico
505 ## - NOTA DE CONTENIDO
Nota de contenido con formato preestablecido I Parte. Textos estudiados del Antiguo Testamento -- La sentencia contra la serpiente -- Caín, los kenitas y Yavé -- Los hijos de Dios y las hijas de los hombres -- ¿Por qué la confusión de lenguas en Babel? -- La alianza de Abraham -- Abraham y el santuario de Mambré -- Los doce hijos de Jacob -- La pascua de Israel \ II Parte. Nuevo Testamento -- ¿Ángeles en los campos de Belén? -- Una curación y tres relatos -- "Desde ahora serás pescadores de hombres" -- La entrada de Jesús en Jerusalén -- ¿Quién es el culpable de la muerte de Jesús? -- La fecha de la pasión de Jesús -- La ascensión de Jesús: ¿una invención? -- Quedaron todos llenos del Espíritu Santo -- Tras las huellas de los copistas
650 #7 - ASIENTO SECUNDARIO DE MATERIA - TERMINO TEMÁTICO
Término temático o nombre geográfico como elemento de entrada Hermenéutica
9 (RLIN) 418
650 #7 - ASIENTO SECUNDARIO DE MATERIA - TERMINO TEMÁTICO
Término temático o nombre geográfico como elemento de entrada Hermenéutica
9 (RLIN) 418
650 #0 - ASIENTO SECUNDARIO DE MATERIA - TERMINO TEMÁTICO
Término temático o nombre geográfico como elemento de entrada Biblia
9 (RLIN) 16
650 #7 - ASIENTO SECUNDARIO DE MATERIA - TERMINO TEMÁTICO
Término temático o nombre geográfico como elemento de entrada Crítica textual
9 (RLIN) 482
653 ## - TÉRMINO DE INDIZACIÓN - NO CONTROLADO
Término no controlado Exégesis bíblica
653 ## - TÉRMINO DE INDIZACIÓN - NO CONTROLADO
Término no controlado Biblia - Comentarios
653 ## - TÉRMINO DE INDIZACIÓN - NO CONTROLADO
Término no controlado Biblia A.T. - Crítica - Interpretacion, etc
653 ## - TÉRMINO DE INDIZACIÓN - NO CONTROLADO
Término no controlado Biblia A.T. - Crítica - Interpretación, etc
942 ## - TIPO DE MATERIAL (KOHA)
Tipo de Item KOHA Libros General
945 ## - INFORMACIÓN LOCAL DEL REGISTRO
Catalogador JTF-925
Existencias
Estado de Material Estado de Perdido Estado de Dañado No para Préstamo Colección Tomo Biblioteca de Origen Biblioteca Permanente Fecha de Adquisición Total de Préstamos Total de Renovaciones Signatura Topográfica Código de Barras Última vez visto Última vez Préstado Ejemplar/Existencia Fecha de Remplazo Tipo de Material
        Colección General   Biblioteca FUSBC Biblioteca FUSBC 06/12/2013 9 1 G 220.6 E9628e 18024 20/11/2024 18/11/2024 1 26/01/2016 Libros General

Biblioteca FUSBC | Teléfono: (57+4) 349 88 10 Ext. 141| WhatsApp (+57) 3005338115 
E-mail: biblioteca@unisbc.edu.co | Calle 76 87-14 Robledo Palenque, Medellín, Colombia

Con tecnología Koha